000 00476nam a2200145 a 4500
001 000033722
005 20200930070453.0
008 110907s1892 xxuc 000 0 eng d
040 _aDO-SdBNP
_bspa
_cBNPHU
082 _axxxx
_bA211c
100 1 _aAdams, Charles Kendall,
_d1835-1902
_959166
245 1 0 _aChristopher Columbus :
_bhis life and his work /
_cCharles Kendall Adams.
260 _aNew York :
_bDodd, Mead and Company,
_c1892.
300 _axv., 261 p. :
_bretr. ;
_c19 cm.
999 _c33213
_d33213